000
00256nam a2200109Ia 4500
008
190906s9999||||xx |||||||||||||| ||und||
100
_a
Freeman, Gilbert
245
0
_a
Management
260
_a
New Delhi
_b
Bantam Books Inc
_c
2004
300
_a
630
942
_c
BK
999
_c
6047
_d
6047